MARC

LEADER 00000nam0a2200000 4500
001 301036
005 20251216170657.0
035 |a (RuTPU)RU\TPU\book\326189 
090 |a 301036 
100 |a 20150722d1982 km y0rusy5003 ca 
101 0 |a rus 
102 |a RU 
105 |a y z 001zy 
200 1 |a Самодержавие против революционной России 1826-1880 гг.  |f И. В. Оржеховский 
210 |a Москва  |c Мысль  |d 1982 
215 |a 207 с. 
320 |a Библиогр.: с. 187-201 
320 |a Указатель имен: с. 202-206 
606 |a Революционное движение в России  |x История  |z 19 в.  |9 81876 
610 1 |a Третье отделение 
610 1 |a полиция 
610 1 |a самодержавие 
610 1 |a политическая полиция 
610 1 |a политический сыск 
610 1 |a наблюдение 
610 1 |a государственное управление 
610 1 |a жандармы 
610 1 |a государственный порядок 
686 |a Т3(2)52  |2 rubbk 
700 1 |a Оржеховский  |b И. В.  |g Игорь Вацлавович  |4 070 
801 0 |a RU  |b RuMRKP  |c 19950704  |g psbo 
801 1 |a RU  |b 63413507  |c 20150722 
801 2 |a RU  |b 63413507  |c 20180621  |g RCR 
942 |c BK